000 00549nam a2200193 4500
999 _c164869
_d164869
005 20190529174205.0
010 _aENG-125369
020 _a9788193314159
_c250.00
035 _aEN-108901
037 _bDBAD/PUB
082 _aN
100 _aRanendra
245 _aLord of the global village/
_cby Ranendra; tran. by Rajesh Kumar
260 _aNew Delhi
_bSpeaking Tiger Publishing
_c2017
270 _a4318/4 Ansari Road, Daryaganj
_bNew Delhi
_e110002
300 _avi,166p
_c20cm(pbk)
700 _aKumar Rajesh
942 _2ddc
_cEN
_hN
_mRAN